000 00758nam a2200253Ia 4500
003 OSt
005 20221006142922.0
006 a|||||r|||| 00| 0
007 ta
008 221006b |||||||| |||| 00| 0 eng d
020 _a0674387031
_c1404.41
024 _a7,534
037 _cTextual
040 _aEASL
_cEASL
_beng
041 _2eng
_aeng
082 _aV42:594.N91, N2
100 _aFARRIS William Wayne
_9648731
245 0 _aHeavenly warriors
_b The evolution of Japan's military, 500-1300
260 _aCambridge
_bHarvard University Press
_c1992
300 _a486p.
_ccm.
490 _v JEL
_aHarvard Eas Asian Monographs ; 157
942 _hV42:594.N91, N2
_cTEXL
_2CC
999 _c1075620
_d1075620